[Event "Barcelona Catalunya op 26th"]
[Site "Barcelona"]
[Date "2014.11.01"]
[Round "5"]
[White "Flores Linan, Josep Luis"]
[Black "Mila Tejera, Jordi"]
[Result "1-0"]
[WhiteElo "2016"]
[BlackElo "2142"]
[PlyCount "33"]
[EventDate "2014.09.27"]
[EventType "swiss"]
[EventRounds "9"]
[EventCountry "ESP"]
[SourceTitle "EXT 2017"]
[Source "ChessBase"]
[SourceDate "2016.10.25"]
[SourceVersion "1"]
[SourceVersionDate "2016.10.25"]
[SourceQuality "1"]

1. d4 Nf6 2. c4 c5 3. d5 e5 4. Nc3 d6 5. e4 Be7 6. Nge2 0-0 7. Ng3 Ne8 8. Be2 g6 9. 0-0 f5 10. f4 fxe4 11. fxe5 dxe5 12. Ngxe4 Bf5 13. Bh6 Rf7 14. Qd2 Nd6 15. Bd3 Nd7 16. Rae1 Nf6 17. Ng5 1-0

[Event "Barcelona Catalunya op 26th"]
[Site "Barcelona"]
[Date "2014.10.18"]
[Round "4"]
[White "Mila Tejera, Jordi"]
[Black "Romero Funieles, Rafael de Jesus"]
[Result "1-0"]
[WhiteElo "2142"]
[BlackElo "1939"]
[PlyCount "67"]
[EventDate "2014.09.27"]
[EventType "swiss"]
[EventRounds "9"]
[EventCountry "ESP"]
[SourceTitle "EXT 2017"]
[Source "ChessBase"]
[SourceDate "2016.10.25"]
[SourceVersion "1"]
[SourceVersionDate "2016.10.25"]
[SourceQuality "1"]

1. d4 d5 2. Bg5 h6 3. Bh4 Nf6 4. e3 e6 5. f4 Be7 6. Bxf6 Bxf6 7. Nf3 c5 8. c3 cxd4 9. cxd4 0-0 10. h4 Qb6 11. Qd2 Be7 12. g4 Nc6 13. h5 f6 14. Nc3 a5 15. Bd3 Qc7 16. Bb1 Bb4 17. Qc2 g5 18. hxg6 Kg7 19. Rxh6 Rh8 20. g5 Bxc3+ 21. bxc3 f5 22. Qh2 Rxh6 23. Qxh6+ Kg8 24. Kd2 Qg7 25. Bd3 Bd7 26. Rh1 Be8 27. Qh7+ Qxh7 28. gxh7+ Kh8 29. Bb5 Rb8 30. Rh6 Bg6 31. Rxg6 Kxh7 32. Rxe6 Na7 33. Bd3 b5 34. Re7+ 1-0

[Event "Barcelona Pujol Memorial 3rd"]
[Site "Barcelona"]
[Date "2011.11.09"]
[Round "6"]
[White "Mila Tejera, Jordi"]
[Black "Capellades Subirana, Marc"]
[Result "0-1"]
[WhiteElo "2068"]
[BlackElo "2302"]
[PlyCount "46"]
[EventDate "2011.09.28"]
[EventType "swiss"]
[EventRounds "9"]
[EventCountry "ESP"]
[SourceTitle "EXT 2013"]
[Source "ChessBase"]
[SourceDate "2012.11.22"]
[SourceVersion "1"]
[SourceVersionDate "2012.11.22"]
[SourceQuality "1"]

1. d4 Nf6 2. Bg5 Ne4 3. Bf4 d5 4. f3 Nd6 5. e4 dxe4 6. fxe4 Nxe4 7. Bd3 Nf6 8. Nf3 Bg4 9. c3 e6 10. 0-0 Bd6 11. Bg5 Nbd7 12. Nbd2 h6 13. Bh4 g5 14. Bf2 c6 15. Nc4 Bc7 16. h3 b5 17. Ncd2 h5 18. Qe2 Qe7 19. hxg4 hxg4 20. Ne5 Nxe5 21. dxe5 Qf8 22. Bg3 Bb6+ 23. Bf2 g3 0-1

[Event "La Pobla de Lillet op 13th"]
[Site "La Pobla de Lillet"]
[Date "2003.??.??"]
[Round "2"]
[White "Mila Tejera, Jordi"]
[Black "Asensio Linan, Teodoro"]
[Result "0-1"]
[WhiteElo "2043"]
[BlackElo "2222"]
[PlyCount "94"]
[EventDate "2003.08.??"]
[EventType "swiss"]
[EventRounds "9"]
[EventCountry "ESP"]
[SourceTitle "EXT 2005"]
[Source "ChessBase"]
[SourceDate "2004.11.15"]
[SourceVersion "1"]
[SourceVersionDate "2004.11.15"]
[SourceQuality "1"]

1. d4 Nf6 2. Bg5 c5 3. Bxf6 gxf6 4. d5 Qb6 5. Qc1 d6 6. g3 f5 7. Bg2 Nd7 8. Nh3 Bh6 9. e3 Bg7 10. c3 Ne5 11. Nf4 Qa6 12. Nd2 Bd7 13. Bf1 Qa4 14. Qd1 Qxd1+ 15. Rxd1 0-0 16. Be2 b5 17. Nf3 Nxf3+ 18. Bxf3 b4 19. cxb4 cxb4 20. Rd2 Bb5 21. Be2 Rab8 22. Rc2 Rfc8 23. Kd2 Ba4 24. Rxc8+ Rxc8 25. Rc1 Rb8 26. b3 Bc3+ 27. Kc2 Bd7 28. Bc4 Rc8 29. a4 Bxa4 30. Ne2 Rxc4 31. bxa4 Rc5 32. Kb3 Be5 33. Rc4 Rxd5 34. Nd4 Bxd4 35. exd4 a5 36. Rc8+ Kg7 37. Kc4 e6 38. f4 Kf6 39. Rh8 h6 40. Rb8 Ke7 41. Rb7+ Ke8 42. Rc7 h5 43. h4 f6 44. Rh7 Kd8 45. Rf7 Kc8 46. Rxf6 Kd7 47. Rf7+ Ke8 0-1

[Event "Catalunya-ch Absolut"]
[Site "Barcelona"]
[Date "2001.04.09"]
[Round "2"]
[White "Beltran Rueda, Santiago"]
[Black "Mila Tejera, Jordi"]
[Result "1-0"]
[WhiteElo "2391"]
[BlackElo "2019"]
[PlyCount "57"]
[EventDate "2001.04.08"]
[EventType "swiss"]
[EventRounds "9"]
[EventCountry "ESP"]
[SourceTitle "EXT 2008"]
[Source "ChessBase"]
[SourceDate "2007.11.25"]
[SourceVersion "1"]
[SourceVersionDate "2007.11.25"]
[SourceQuality "1"]

1. e4 c5 2. Nf3 e6 3. Nc3 d6 4. d4 cxd4 5. Qxd4 Nc6 6. Bb5 Bd7 7. Bxc6 Bxc6 8. Bg5 Nf6 9. 0-0-0 Be7 10. Rhe1 Qc7 11. Kb1 Rd8 12. Qd2 b5 13. Nd4 a6 14. Nxc6 Qxc6 15. Bxf6 Bxf6 16. Nd5 Be7 17. Nxe7 Kxe7 18. Qg5+ Kd7 19. Qxg7 Rdf8 20. Rd3 Rhg8 21. Qh6 Ke7 22. Qh4+ Kd7 23. Qf4 Rxg2 24. Red1 e5 25. Qxe5 Rg6 26. Qf5+ Ke7 27. a3 Qc5 28. e5 Rd8 29. exd6+ 1-0